L'integration latino-americaine: origines, evolution, perspectives (Registro nro. 15514)
[ vista simple ]
| 000 -LEADER | |
|---|---|
| fixed length control field | 00707nam a2200253Ia 4500 |
| 005 - DATE AND TIME OF LATEST TRANSACTION | |
| control field | 20251007214652.0 |
| 008 - FIXED-LENGTH DATA ELEMENTS--GENERAL INFORMATION | |
| fixed length control field | 251006t1979||||xx |||||||||||||| ||und|| |
| 037 ## - SOURCE OF ACQUISITION | |
| Stock number | fr |
| 040 ## - CATALOGING SOURCE | |
| Original cataloging agency | CBC |
| 041 ## - LANGUAGE CODE | |
| Language code of text/sound track or separate title | donación |
| 082 ## - DEWEY DECIMAL CLASSIFICATION NUMBER | |
| Classification number | BIB/01.02.01/02618 |
| 100 ## - MAIN ENTRY--PERSONAL NAME | |
| Personal name | Alvarez García, Marcos |
| 110 ## - MAIN ENTRY--CORPORATE NAME | |
| Corporate name or jurisdiction name as entry element | Université Libre de Bruxelles. Institut de Sociologie |
| 245 ## - TITLE STATEMENT | |
| Title | L'integration latino-americaine: origines, evolution, perspectives |
| 260 ## - PUBLICATION, DISTRIBUTION, ETC. | |
| Place of publication, distribution, etc. | Bruxelas : |
| 260 ## - PUBLICATION, DISTRIBUTION, ETC. | |
| Name of publisher, distributor, etc. | Institut de Sociologie, |
| 260 ## - PUBLICATION, DISTRIBUTION, ETC. | |
| Date of publication, distribution, etc. | 1979 |
| 300 ## - PHYSICAL DESCRIPTION | |
| Extent | 216 p. : |
| 300 ## - PHYSICAL DESCRIPTION | |
| Other physical details | maps., tbls |
| 650 ## - SUBJECT ADDED ENTRY--TOPICAL TERM | |
| Topical term or geographic name entry element | INTEGRACION REGIONAL |
| 650 ## - SUBJECT ADDED ENTRY--TOPICAL TERM | |
| Topical term or geographic name entry element | RELACIONES INTERNACIONALES |
| 651 ## - SUBJECT ADDED ENTRY--GEOGRAPHIC NAME | |
| Geographic name | AMERICA LATINA |
| 942 ## - ADDED ENTRY ELEMENTS (KOHA) | |
| Catalogador | MJCh |
No hay ítems disponibles.